Normal view
MARC view
- Mittersain V Gonda C & Parab N
Entry Personal Name
001 - CONTROL NUMBER
- control field: 29959
003 - CONTROL NUMBER IDENTIFIER
- control field: OSt
005 - DATE AND TIME OF LATEST TRANSACTION
- control field: 20220803173558.0
008 - FIXED-LENGTH DATA ELEMENTS
- fixed length control field: 220803|| aca||aabn | a|a d
040 ## - CATALOGING SOURCE
- Original cataloging agency: OSt
- Transcribing agency: OSt
100 ## - HEADING--PERSONAL NAME
- Personal name: Mittersain V Gonda C & Parab N
670 ## - SOURCE DATA FOUND
- Source citation: Work cat.: (OSt)18797: Mittersain V Gonda C & Parab N, You Ceo : Success Lessons From Leading Ceos, 2015